|
|
|
|
| LEADER |
00000nam0a2200000 4500 |
| 001 |
12125 |
| 005 |
20231030184105.0 |
| 010 |
|
|
|a 5020045012
|
| 035 |
|
|
|a (RuTPU)RU\TPU\book\12201
|
| 035 |
|
|
|a BOOK00000004
|
| 090 |
|
|
|a 12125
|
| 100 |
|
|
|a 20011209d1999 km y0rusy50 ca
|
| 101 |
0 |
|
|a rus
|
| 102 |
|
|
|a RU
|
| 105 |
|
|
|a y z 000zy
|
| 200 |
1 |
|
|a Объемно-аморфизирующиеся металлические сплавы
|f Ю. К. Ковнеристый
|
| 210 |
|
|
|a Москва
|c Наука
|d 1999
|
| 215 |
|
|
|a 79 с.
|
| 610 |
1 |
|
|a металлургия
|
| 610 |
1 |
|
|a металловедение
|
| 610 |
1 |
|
|a металлические сплавы
|
| 610 |
1 |
|
|a сплавы объемно-аморфизирующиеся
|
| 610 |
1 |
|
|a металлические материалы
|
| 675 |
|
|
|a 669.017.1
|v 3
|
| 700 |
|
1 |
|a Ковнеристый
|b Ю. К.
|g Юлий Константинович
|
| 801 |
|
0 |
|a RU
|b 63413507
|c 20011209
|g PSBO
|
| 801 |
|
2 |
|a RU
|b 63413507
|c 20071124
|g PSBO
|
| 942 |
|
|
|c BK
|